| 000 | 00443nam a2200181Ia 4500 | ||
|---|---|---|---|
| 003 | GCL | ||
| 008 | 140319s9999 xx 000 0 eng d | ||
| 040 |
_aGCL / _cGCL |
||
| 082 | 0 | 4 |
_a759.2 _bP E |
| 100 | 1 | _aPARIS, H.J. | |
| 245 | 1 | 0 |
_aENGLISH WATER COLOUR PAINTERS / _cPARIS, H.J. |
| 260 |
_a[S.N] : _bWILLIAM COLLINS SONS & LTD |
||
| 300 | _a48 P | ||
| 650 | 0 | 4 | _aARTS |
| 650 | 0 | 4 | _aPAINTING |
| 650 | 0 | 4 | _aWATER COLOURS |
| 942 |
_2ddc _cBK |
||
| 999 |
_c19508 _d19508 |
||